| 000 | 01469nam a2200361 a 4500 | ||
|---|---|---|---|
| 001 | ebr10537930 | ||
| 003 | CaPaEBR | ||
| 006 | m u | ||
| 007 | cr cn||||||||| | ||
| 008 | 051229s2007 pau sb 001 0deng d | ||
| 010 | _z 2005037909 | ||
| 020 | _z0838756336 (alk. paper) | ||
| 020 | _z9780838756331 (alk. paper) | ||
| 020 | _z9780838759417 (e-book) | ||
| 040 |
_aCaPaEBR _cCaPaEBR |
||
| 035 | _a(OCoLC)657581384 | ||
| 041 | 0 |
_aeng _aspa |
|
| 050 | 1 | 4 |
_aPQ6137 _b.N86 2007eb |
| 082 | 0 | 4 |
_a868/.5080932 _222 |
| 100 | 1 |
_aNunley, Gayle R., _d1958- |
|
| 245 | 1 | 0 |
_aScripted geographies _h[electronic resource] : _btravel writings by nineteenth-century Spanish authors / _cGayle R. Nunley. |
| 260 |
_aLewisburg, Pa. : _bBucknell University Press, _c2007. |
||
| 300 | _a272 p. | ||
| 504 | _aIncludes bibliographical references and index. | ||
| 533 |
_aElectronic reproduction. _bPalo Alto, Calif. : _cebrary, _d2011. _nAvailable via World Wide Web. _nAccess may be limited to ebrary affiliated libraries. |
||
| 650 | 0 |
_aSpanish prose literature _y19th century _xHistory and criticism. |
|
| 650 | 0 |
_aTravelers' writings, Spanish _xHistory and criticism. |
|
| 650 | 0 |
_aAuthors, Spanish _y19th century _xTravel. |
|
| 650 | 0 | _aTravel in literature. | |
| 655 | 7 |
_aElectronic books. _2local |
|
| 710 | 2 | _aebrary, Inc. | |
| 856 | 4 | 0 |
_uhttp://site.ebrary.com/lib/rucke/Doc?id=10537930 _zAn electronic book accessible through the World Wide Web; click to view |
| 999 |
_c245284 _d245284 |
||